000 00465nam a22001817a 4500
001 10058
003 FISKH
005 20260403111831.0
008 260402b cb ||||| |||| 00| 0 eng d
020 _a9787557529239
040 _aFISKH
_bchi
_cFISKH
_dFISKH
082 _a741.5
100 _a龚房芳
245 _a我也很棒 ( I am also great) /
_c龚房芳
300 _a31 pages :
_bcolor illustrations ;
_c23 cm.
942 _2ddc
_cBOOK
_n0
999 _c10058
_d10058